Films très mal décrits #4 - Statistiques

Statistiques générales
  • Ce quiz a été pris 1 484 fois
  • Le résultat moyen est 6 sur 8
Statistiques - réponses
Hint Réponse % Correct
Un rongeur super doué en cuisine transforme un jeune cuisinier nul en star des casseroles. Le twist ? Personne ne trouve bizarre qu’un truc dégueu porte un toque. Ratatouille
98%
Un vieil homme en ballon dirigeable kidnappe un enfant et un chien, mais personne n’appelle les flics parce qu’ils sont trop occupés à éviter des oiseaux géants. Là-Haut
93%
Une princesse, au lieu de trouver un job normal, attend qu’un gars random la réveille avec un bisou. Résultat ? Elle dort 90 % du film. La Belle au Bois Dormant
92%
Des animaux du zoo apprennent à survivre dans la jungle. Spoiler : ils galèrent grave, sauf pour danser sur du disco. Madagascar
88%
Une bande d’ados habillés comme un arc-en-ciel passent leur temps à fusionner en un robot géant pour battre des monstres en caoutchouc. Power Rangers
73%
Une adolescente échange ses jambes contre des ennuis diplomatiques sous-marins. La Petite Sirène
62%
Une fille déprime parce qu’elle a quitté sa maison en tournoyant. Solution ? Elle traîne avec des épouvantails, des lions et des robots pour demander de l’aide à un shaman. Le Magicien d’Oz
58%
Un employé de bureau découvre que son entreprise propose un programme "déconnexion totale" un peu trop littéral. Matrix
21%
Aucun quiz correspondant
Distribution des résultats
% des personnes avec chaque résultat
Percentile par nombre de réponses
Votre historique - résultats
Vous n’avez pas pris ce quiz